A survey of New Hampshire water law: I. The riparian doctrine. : II. Recent water law actions /

Bibliographic Details
Main Author: Kalinski, Alexander J.
Other Authors: Forste, Robert H.
Format: Book
Language:English
Published: Durham : Water Resources Research Center, University of New Hampshire, 1970-71.
Series:Bulletin (University of New Hampshire. Water Resources Research Center) ; no. 3.
Subjects:

MARC

Tag First Indicator Second Indicator Subfields
LEADER 00000cam a2200000 4500
001 in00000994513
005 20150927155208.0
008 730517m19701971ncu 00010 eng
010 |a  73634379  
035 |a (OCoLC)00637473 
035 |9 AEY2886AM 
040 |a DLC  |c DLC  |d m.c.  |d TXA  |d UtOrBLW 
043 |a n-us-nh 
049 1 |a TXA2 
050 0 0 |a KFN1323.W2  |b K3 
082 0 |a 343/.742/092 
090 |a TD224.N4  |b B84 no. 3 
100 1 |a Kalinski, Alexander J. 
245 1 2 |a A survey of New Hampshire water law: I. The riparian doctrine. :  |b II. Recent water law actions /  |c By Alexander J. Kalinski and Robert H. Forste. 
264 1 |a Durham :  |b Water Resources Research Center, University of New Hampshire,  |c 1970-71. 
300 |a 3 volumes in 2. ;  |c 23 cm. 
336 |a text  |b txt  |2 rdacontent 
337 |a unmediated  |b n  |2 rdamedia 
338 |a volume  |b nc  |2 rdacarrier 
490 1 |a University of New Hampshire. Water Resources Research Center. Bulletin ;  |v no. 3 
500 |a Cover title. 
500 |a Authors' names in reverse order on volume 3. 
505 0 |a 1. The riparian doctrine.--2. Recent water law actions. 2 v. in 1.--3. The revised statutes annotated. 
650 0 |a Riparian rights  |z New Hampshire. 
650 0 |a Water rights  |z New Hampshire. 
650 0 |a Water  |x Law and legislation. 
700 1 |a Forste, Robert H. 
830 0 |a Bulletin (University of New Hampshire. Water Resources Research Center) ;  |v no. 3. 
999 |a MARS 
999 f f |s 7babc3d6-401b-3882-b213-3233c621d4da  |i 8f803894-ecea-398e-a58c-71c6e04e92c5  |t 0 
952 f f |p ric  |a Texas A&M University  |b Rellis Campus  |c Joint Library Facility  |d Remote Storage  |t 0  |e TD224.N4 B84 no.3  |h Library of Congress classification  |i unmediated -- volume  |m A14814323954 
998 f f |a TD224.N4 B84 no.3  |t 0  |l Remote Storage